000 00893nam a2200241 a 4500
001 000041499
005 20201002034938.0
008 131008s1997 sp 001 0 spa d
020 _a8400076893
040 _aDO-SdBNP
_bspa
_cBNPHU
082 _axxxx
_bxxx
100 1 _aShaftesbury, Anthony Ashley Coper,
_d1671-1713
_968200
245 1 0 _aInvestigación sobre la Virtud o el Mérito. /
_cShaftesbury; estudio introductorio, traducción y notas de Agustín Andreu.
260 _aMadrid, :
_bConsejo Superior de Investigaciones Científicas,
_c1997.
300 _aXCVI, 126 p. ;
_c25 cm.
490 1 _aClásicos del pensamiento
500 _aIncluye notas al pie de página
500 _aIncluye índice de materias
500 _aIncluye índice de autores
504 _aBibliografía p: XV-XX
700 1 _aAndreu, Agustín
_etrad.
_968201
830 0 _aClásicos del pensamiento
_914896
999 _c40989
_d40989